000 00596 a2200193 4500
999 _c32239
_d32239
003 OSt
005 20260318141117.0
008 260318b ||||| |||| 00| 0 eng d
020 _a979-8-88815-606-3
040 _c.
082 _a387.744
_bM2783
100 _96706
_aManiriho, Emmy Arsonval
245 _aAviation, Air Cargo and Logistics Management: A Manual for Air Cargo Handlers and Shippers /
_cEmmy Arsonval Maniriho
260 _bNotion Press Media Pvt Ltd
_aIndia :
_c2022.
300 _a228 p.
650 0 _96705
_aAir Cargo
650 0 _94988
_aLogistics Management
942 _2ddc
_cBK